| 000 | 00701cam a22002051 4500 | ||
|---|---|---|---|
| 001 | 000016272 | ||
| 003 | DO-SdBNP | ||
| 005 | 20230228134958.0 | ||
| 007 | ta | ||
| 008 | 711203s1960 enk 000 0 spa d | ||
| 040 |
_aDO-SdBNP _bspa _cBNPHU |
||
| 082 | 4 |
_bS231 _222 |
|
| 245 | 1 | 3 |
_aLa santa biblia : _bantiguo y nuevo testamentos / _cAntigua versión Casiodoro de Reina (1569) ; revisión Cipriano de Valera (1602). |
| 260 |
_aLondon : _bSociedad Bíblica Trinitaria, _c[1960]. |
||
| 300 |
_a231 p. ; _c20 cm. |
||
| 500 | _a"Con referencias". | ||
| 700 | 1 |
_aReina, Casiodoro de, _d1520-1594, _etraducción _96026 |
|
| 700 | 1 |
_aValera, Cipriano de, _d1532-1625, _etraducción _96027 |
|
| 942 |
_2ddc _cLBS1 |
||
| 999 |
_c15808 _d15808 |
||